000 00374nam a22001337a 4500
008 250306b |||||||| |||| 00| 0 eng d
020 _a9789789621248
050 _aHG3745
_b.A34
100 _aAdepeju Richard
245 _aUnderstanding and Usages of Letters of Credit
260 _aLagos
_bPrinceton and Associates Publishing Co.Ltd
_c2017
300 _axi,959p
942 _cBK
999 _c2133
_d2133